NHL Starting Goalies 2017-2018 - Statistics

General Stats
  • This quiz has been taken 813 times
  • The average score is 23 of 31
Answer Stats
Team Goalie % Correct
Montreal Canadiens Carey Price
94%
Boston Bruins Tuukka Rask
94%
Nashville Predators Pekka Rinne
93%
Los Angeles Kings Johnathan Quick
91%
Vegas Golden Knights Marc-Andre Fleury
91%
Washington Capitals Braden Holtby
88%
Anaheim Ducks John Gibson
88%
Chicago Blackhawks Corey Crawford
86%
Pittsburgh Penguins Matthew Murray
86%
New York Rangers Henrik Lundqvist
85%
Columbus Bluejackets Sergei Bobrovsky
85%
Dallas Stars Ben Bishop
83%
Ottawa Senators Craig Anderson
83%
Calgary Flames Mike Smith
82%
Florida Panthers Roberto Luongo
80%
Toronto Maple Leafs Frederik Andersen
74%
San Jose Sharks Martin Jones
73%
Minnesota Wild Devan Dubnyk
71%
Detroit Redwings Jimmy Howard
71%
Edmonton Oilers Cam Talbot
70%
St. Louis Blues Jake Allen
68%
New Jersey Devils Cory Schneider
65%
Colorado Avalanche Semyon Varlamov
62%
Tampa Bay Lightning Andrei Vasilevskiy
61%
Vancouver Canucks Jacob Markstrom
59%
Buffalo Sabres Robin Lehner
59%
Arizona Coyotes Antti Raanta
58%
New York Islanders Jaroslav Halak
54%
Philadelphia Flyers Brian Elliott
41%
Carolina Hurricanes Scott Darling
39%
Winnipeg Jets Steve Mason
36%
No matching quizzes found
Score Distribution
Percent of People with Each Score
Percentile by Number Answered
Your Score History
You have not taken this quiz